000 00789nam a22001937a 4500
999 _c56989
_d56989
003 Ge_BSU
005 20190923155803.0
008 190923s2017 ge ||||| |||| 00| 0 geo d
041 _ageo
080 _a821.353.1-1 ს-90
100 _aსტურუა, რეზო .
_970
245 _an+1 პოეზიაში : ლექსები /
_cრეზო სტურუა ; რედ : თემურ ჯაგოდნიშვილი .
264 _aთბილისი ,
_c2017.
300 _a244 გვ .:
_c15 სმ.
653 _aქართული პოეზია
653 _aქართული ლიტერატურა
700 _aჯაგოდნიშვილი , თემურ.
_eრედაქტორი
_94210
942 _2udc
_cBK